000 00546pab a2200193 454500
008 180718b2013 xxu||||| |||| 00| 0 eng d
100 _aMandal, Niranjan
245 _aPanchayats and universalization of elementary education: A study of West Bengal
260 _c2013
300 _ap.439-472.
362 _aJan
650 _aPrimary education - India - West Bengal
650 _aPanchayat - India - West Bengal
650 _aPanchayat
700 _aDutta, B.N.
773 _aIndian Journal of Economics
908 _aN
909 _a99604
999 _c99603
_d99603